000 00177 a2200097 4500
001 2515
100 _aOrdway, F 1
245 _a
260 _a
_bRinehart
_c
090 _c1812
_d1812
942 _aNUST-CAE
_c
_c9025
999 _c237588
_d237588